Quizzes
Events
Quiz Creation
Community
Videos
Private Events
Remove Ads
Sign In
Join for FREE
Feedback
Dark Mode
Quiz Categories
Sports
Geography
Music
Movies
Television
Just For Fun
Miscellaneous
History
Literature
Language
Science
Gaming
Entertainment
Religion
Holiday
For Kids
Quiz Lab
Recent
Popular Today
Quiz Kudos Today
Editor Picks
Curator Picks
Quizzes by...
Day
Popularity
Type
Ratings
Length
Year
Community
Subscriptions
Recent Discussions
Orange Saloon
Badges
Playlists
Quests
Create
Leaderboards
Showdown
Live 5
Trivia Bingo
Activity
Puzzle Library
Sporcle Events
Private Events
Virtual Trivia
Globe League
Become a Host
Pub Owners
SporcleCon
Opinionation
Our Games
Videos
Blog
Mobile Apps
Partnerships
Remove Ads and Go Orange
Feedback
Sports
Athletes
MLB
NBA
NHL
NFL
Soccer
Sports Teams
WWE
NCAA
Football
Premier League
Basketball
Baseball
Hockey
Golf
Tennis
Cricket
Rugby
Auto Racing
Olympics
World Cup
Sports
Athletes
MLB
NBA
NHL
NFL
Soccer
Sports Teams
WWE
NCAA
Football
Premier League
Basketball
Baseball
Hockey
Golf
Tennis
Cricket
Rugby
Auto Racing
Olympics
World Cup
Random Quiz
Search Sporcle
×
Quiz Lab
Quiz Lab
Sports
date
Type in answers that appear in a list
Type in answers that appear in a list
Classic
Best Score? Go Orange.
NASCAR Pocono Raceway Winners Stats
Can you name the Nascar winners at Pocono Raceway, from 1974 to present ?
By
superspurjm
5m
31 Questions
301 Plays
301 Plays
301 Plays
Comments
Comments
Give Quiz Kudos
Give Quiz Kudos
-
- Ratings
hide this ad
More Info
Replay
Link that replays current quiz
Next Quiz
Link to next quiz in quiz playlist
You Got
0%
They Got
Avg Score
81%
Avg Friend Score
Upgrade to see
Score Distribution
Jump to the score distribution portion of the page
Score
0/31
Timer
05:00
0
Plays Today
Pocono Wins
Winner
% Correct
6
Jeff Gordon
99.7%
2
Richard Petty
95%
2
Dale Earnhardt
94.7%
1
Kyle Petty
93.7%
3
Jimmie Johnson
93%
4
Denny Hamlin
92%
3
Bobby Labonte
91%
5
Bill Elliott
90.7%
2
Terry Labonte
90.4%
2
Kurt Busch
90.4%
3
Bobby Allison
88.4%
4
Rusty Wallace
88.4%
4
Darrell Waltrip
88%
2
Tony Stewart
87%
3
Dale Jarrett
84.4%
2
Carl Edwards
84.4%
Pocono Wins
Winner
% Correct
1
Joey Logano
83.7%
2
Cale Yarborough
81.1%
1
David Pearson
79.4%
1
Ricky Rudd
79.1%
1
Kasey Kahne
79.1%
1
Greg Biffle
79.1%
1
Ryan Newman
78.7%
2
Jeremy Mayfield
78.4%
4
Tim Richmond
75.4%
3
Geoffrey Bodine
74.1%
1
Alan Kulwicki
71.1%
1
Benny Parsons
69.1%
1
Brad Keselowski
68.1%
2
Harry Gant
67.8%
1
Neil Bonnett
58.1%
Quiz Playlist
Details
Report
Send in Message
Add To Playlist
More Info:
This is a complete list of all Nascar winners at the 'Tricky Triangle,' Pocono Raceway. Good Luck!
Classic:
Type in answers that appear in a list
Last Updated: Feb 16, 2017
Quiz Scoreboard
CHALLENGE
Sign Up to Join the Scoreboard
Show All
Scores
Hide
Comments
May contain spoilers
Recently Published
Alphabetical 'K' Countries by Flag Minefield
by ylime102
Geography
3m
Pick 6: Fruits
by JohnFran
Miscellaneous
15s
Click the 1999 NBA Draft
by nibperrychub
Sports
2m
More to Explore
Quiz From the Vault
Featured Blog Post
15 Basketball Trivia Facts You Can Be March Mad About
hide this ad
You Might Also Like...
Tags
1974
date
NASCAR
pos
present
Starting
Winner
Today's Top Quizzes in Sports
Browse Sports
hide this ad
Today's Top Quizzes in date
Browse date
Top Contributed Quizzes in Sports
1
Don't Strike Out: 3000 Strikeouts
2
MLB 2 truths and a lie: Hall of Fame pitchers
3
Pick 6: NFL Teams
4
Criteria MLB: Left Handed Sluggers
5
MLB Players with Two .350 Batting Average Seasons
6
2022 World Cup Stars
7
Les joueurs à 100 buts en Ligue 1 Uber Eats
8
Millionaire: NBA Finals Edition
9
Pick 6: Minor League Baseball
10
Last 10 Members of the 500 HR Club in Order
Explore More
Trending Topics
Kpop
Disney
Harry Potter
NBA
Crossword
Marvel
Anime
WWE
Song
Country
Soccer
Puzzle
The Office
Pokémon
NFL
hide this ad
More By:
superspurjm
Quiz
Plays
Rating
Category
Featured
Created
NCAA Top 100 Bowl Teams
195,089
4.18
Sports
Dec 12, 2011
NCAA Most Appearances per Bowl Game
100,172
4.43
Sports
Dec 14, 2012
Port or Fort?
32,474
4.06
Geography
Feb 21, 2013
Police Phonetic Alphabet
17,110
4.80
Language
Aug 21, 2013
Big Four What-cha-ma-call-it (NO MINES!)
12,229
2.13
Sports
Jan 12, 2014
Go to Creator's Profile
Score Distribution
Quiz Creator Spotlight
superspurjm
Follow
Send a Message
Quizzes Created
-
Created Quiz Play Count
-
More By This Creator
Popular Quizzes Today
1
Find the US States - No Outlines Minefield
2
Countries of Asia Without Outlines Minefield
3
Pick 6: Fruits
4
The Countries of the World
5
Alphabetical 'K' Countries by Flag Minefield
6
Click the 1999 NBA Draft
7
Match the Book to the Film X
8
Find the US States
More Sports Quizzes
Washington Commanders Top 5 Yards Leaders (2010s)
Quiz Lab
Trending Quizzes
Pick 6: Harry Potter
Pick 6: Mountains
Pick 6: NFL Teams
Pick 6: Movie Franchises
Pick 6: Golfers
Recently Updated
Women's Final Four Teams by Year
bhenderson79
Presidents Quartet II
eogle
Anything But Clue(do)
eogle
Anything But Oceanian Capitals
eogle
Anything But 7
eogle
Anything But Thing
eogle
Word Ladder: February 29
pecheneg
Song Title Questions
pecheneg
Women's NCAA Tournament #1 Seeds
pecheneg
Celebrity Mug Shots
pecheneg
Trending Topics
Harry Potter
Disney
Marvel
Anime
Crossword
NBA
Kpop
Song
NFL
Pokémon
Puzzle
Soccer
The Office
WWE
Country
Your Account Isn't Verified!
In order to create a playlist on Sporcle, you need to verify the email address you used during registration. Go to your
Sporcle Settings
to finish the process.
Report this User
Report this user for behavior that violates our
Community Guidelines
.
Details:
Send Report
Go to the Sporcle.com Mobile Site →
Comments